| 000 | 01281cam a22002535a 4500 | ||
|---|---|---|---|
| 001 | 17942039 | ||
| 005 | 20160105141732.0 | ||
| 008 | 131114t2014 nyua frb 001 0 eng d | ||
| 020 | _a9780071825160 | ||
| 020 | _a0071825169 | ||
| 040 |
_aDLC _beng _cDLC _dDLC _dEG-ScBUE |
||
| 082 | 0 | 4 |
_a620.0042 _222 _bMES |
| 100 | 1 |
_aMessler, Robert W., _d1942- _938977 _cJr., |
|
| 245 | 1 | 0 |
_aReverse engineering : _bmechanisms, structures, systems, and materials / _cRobert W. Messler, Jr. |
| 260 |
_aNew York : _bMCGraw-Hill Education, _cc.2014. |
||
| 300 |
_axv, 426 p. : _bill. ; _c25 cm. |
||
| 500 | _aIndex : p. 419-426. | ||
| 504 | _aIncludes bibliographical references. | ||
| 520 | _a"A comprehensive, fresh, and deservedly heightened look at reverse engineering as a legitimate approach to the learning and understanding to be gained from a design - a textbook for engineering students (taking required Intro to Engineering & Design and required Senior Design courses - especially for the subset of courses focused on Creative Design and Reverse Engineering) as they learn design and an on-the-job manual for practicing engineers engaged in design"-- | ||
| 650 | 7 |
_aReverse engineering. _2BUEsh _938978 |
|
| 651 | _2BUEsh | ||
| 653 |
_bENGGEN _cAugust2015 _cJanuary2016 |
||
| 942 | _2ddc | ||
| 999 |
_c20475 _d20447 |
||